Israeli aggression against Iran: hegemony and its pitfalls (Record no. 530629)

000 -LEADER
fixed length control field 00700nam a22001457a 4500
008 - FIXED-LENGTH DATA ELEMENTS--GENERAL INFORMATION
fixed length control field 250627b ||||| |||| 00| 0 eng d
100 ## - MAIN ENTRY--PERSONAL NAME
Personal name Chenoy, Anuradha
245 ## - TITLE STATEMENT
Title Israeli aggression against Iran: hegemony and its pitfalls
260 ## - PUBLICATION, DISTRIBUTION, ETC. (IMPRINT)
Place of publication, distribution, etc Economic & Political Weekly
300 ## - PHYSICAL DESCRIPTION
Extent 60(25), Jun 21, 2025: p.8-9
520 ## - SUMMARY, ETC.
Summary, etc Driven by US–Israeli imperial designs, a war on Iran will have devastating consequences for the region and the world. - Reproduced

https://www.epw.in/journal/2025/25/comment/israeli-aggression-against-iran-hegemony-and-its.html
650 ## - SUBJECT ADDED ENTRY--TOPICAL TERM
Topical term or geographic name as entry element war, Israel & Iran war, crises, domestic politics
9 (RLIN) 54818
942 ## - ADDED ENTRY ELEMENTS (KOHA)
Item type Articles
Holdings
Withdrawn status Lost status Source of classification or shelving scheme Damaged status Not for loan Permanent location Current location Date acquired Barcode Date last seen Koha item type
          Indian Institute of Public Administration Indian Institute of Public Administration 2025-06-27 AR136421 2025-06-27 Articles

Powered by Koha